Statistics for Most Recognizable Songs of the Past 100 Years

Click here to take the quiz!

General Stats

  • This quiz has been taken 49 times
  • The average score is 57 of 99

Answer Stats

YearSongArtist% Correct
2010Rolling in the DeepAdele
98%
2015HelloAdele
98%
1980Another One Bites the DustQueen
98%
1975Bohemian RhapsodyQueen
98%
2002Lose YourselfEminem
95%
2000The Real Slim ShadyEminem
95%
1983Billie JeanMichael Jackson
95%
1969Here Comes the SunThe Beatles
95%
1963I Want to Hold Your HandThe Beatles
95%
1970Let It BeThe Beatles
95%
1968Hey JudeThe Beatles
95%
1985Take On MeA-Ha
93%
1977Stayin' AliveBee Gees
93%
2008Viva La VidaColdplay
93%
1991Smells Like Teen SpiritNirvana
93%
1976Dancing QueenABBA
90%
1979Another Brick in the Wall, Pt. 2Pink Floyd
90%
1987Never Gonna Give You UpRick Astley
90%
1986Livin' on a PrayerBon Jovi
88%
1997My Heart Will Go OnCeline Dion
88%
1957Jailhouse RockElvis Presley
88%
1956Hound DogElvis Presley
88%
2006Hips Don't LieShakira
88%
1992I Will Always Love YouWhitney Houston
88%
1998...Baby One More TimeBritney Spears
86%
1984Careless WhisperGeorge Michael
86%
2009Bad RomanceLady Gaga
86%
1981Don't Stop Believin'Journey
83%
1989Like a PrayerMadonna
83%
2013HappyPharrell Williams
83%
1996WannabeSpice Girls
83%
1965(I Can't Get No) SatisfactionThe Rolling Stones
83%
1988Sweet Child O' MineGuns N Roses
81%
2005Gold DiggerKanye West
81%
1971Stairway to HeavenLed Zeppelin
81%
1967What a Wonderful WorldLouis Armstrong
81%
2012Gangnam StylePsy
81%
2003Crazy in LoveBeyonce & Jay-Z
79%
1999Livin' La Vida LocaRicky Martin
79%
2007UmbrellaRihanna
79%
1994ZombieThe Cranberries
79%
2019Blinding LightsThe Weeknd
79%
1978Y.M.C.A.Village People
79%
1990U Can't Touch ThisMC Hammer
76%
2018Thank U, NextAriana Grande
71%
1973Dream OnAerosmith
69%
2011Call Me MaybeCarly Rae Jepsen
69%
1964The Sound of SilenceSimon and Garfunkel
69%
1982Eye of the TigerSurvivor
69%
1972SuperstitionStevie Wonder
67%
1966I'm a BelieverThe Monkees
67%
1953That's AmoreDean Martin
64%
1946Five Minutes MoreFrank Sinatra
64%
1940I'll Never Smile AgainFrank Sinatra
64%
1974Sweet Home AlabamaLynyrd Skynyrd
64%
2001In the EndLinkin Park
62%
2004Yeah!Usher
60%
2022As It WasHarry Styles
57%
1944The Trolley SongJudy Garland
55%
1939Somewhere Over the RainbowJudy Garland
55%
2014Uptown FunkMark Ronson
52%
2021StayJustin Bieber & The Kid Laroi
48%
2016CloserThe Chainsmokers
48%
1961Stand By MeBen E. King
45%
2020DynamiteBTS
45%
2017DespacitoLuis Fonsi
43%
1993What's Up?4 Non Blondes
40%
1960The TwistChubby Checker
40%
1955Tutti FruttiLittle Richard
40%
1924Rhapsody in BlueGeorge Gershwin
38%
1995MacarenaLos Del Rio
29%
1951UnforgettableNat King Cole
26%
1954Mr. SandmanThe Chordettes
24%
1945This Land is Your LandWoody Guthrie
24%
1931Minnie the MoocherCab Calloway
21%
1947La Vie En RoseEdith Piaf
21%
1952Singin' in the RainGene Kelly
19%
1937Sing, Sing, SingBenny Goodman
17%
1936Pennies from HeavenBing Crosby
17%
1930Puttin' On the RitzFred Astaire
17%
1935Top Hat, White Tie and TailsFred Astaire
17%
1941The Boogie Woogie Bugle BoyThe Andrews Sisters
17%
1962Monster MashBobby Pickett
14%
1958TequilaThe Champs
14%
1959ShoutThe Isley Brothers
14%
1950Goodnight IreneThe Weavers
14%
1932It Don't Mean a Thing (If It Ain't Got That Swing)Duke Ellington
12%
1933Stormy WeatherEthel Waters
12%
1948Buttons and BowsDinah Shore
7%
1943That Ain't RightFats Waller
7%
1929Tiptoe Through the TulipsNick Lucas
7%
1942Paper DollThe Mills Brothers
7%
1928Makin' WhoopeeEddie Cantor
5%
1926HorsesGeorge Olsen
5%
1938Jeepers CreepersThe Modernaires
5%
1925Sweet Georgia BrownBen Bernie
2%
1949Some Enchanted EveningEzio Pinza
2%
1927My Blue HeavenGene Austin
2%
1934The Very Thought of YouRay Noble
2%

Score Distribution

Percentile by Number Answered

Percent of People with Each Score

Your Score History

You have not taken this quiz